[Event "Catarinense-ch U20"]
[Site "Lacerdapolis"]
[Date "2012.05.06"]
[Round "5"]
[White "Naissinger, William Quevedo"]
[Black "Arroyo, Akaua Flores"]
[Result "1/2-1/2"]
[WhiteElo "1940"]
[BlackElo "1822"]
[PlyCount "68"]
[EventDate "2012.05.04"]
[EventType "swiss"]
[EventRounds "6"]
[EventCountry "BRA"]
[SourceTitle "CBM 148 Extra"]
[Source "ChessBase"]
[SourceDate "2012.06.22"]
[SourceVersion "1"]
[SourceVersionDate "2012.06.22"]
[SourceQuality "1"]

1. Nf3 Nf6 2. g3 d5 3. Bg2 c5 4. d4 e6 5. c4 Nc6 6. Nc3 dxc4 7. Qa4 cxd4 8. Ne5 dxc3 9. Nxc6 Bd7 10. Nxd8 Bxa4 11. Nxb7 cxb2 12. Bxb2 Bb4+ 13. Kf1 Rc8 14. Rb1 c3 15. Bc1 Be7 16. Bf3 c2 17. Ra1 Bb4 18. Bb2 0-0 19. Kg2 Bc3 20. Bxc3 Rxc3 21. Rhc1 Rb8 22. Na5 e5 23. e3 Rb2 24. Nb3 Bxb3 25. axb3 Rcxb3 26. Rxa7 g6 27. Rc7 Ra3 28. R1xc2 Raa2 29. Rxb2 Rxb2 30. Rc4 Rd2 31. h3 Nd5 32. Bxd5 Rxd5 33. e4 Rb5 34. h4 Kg7 1/2-1/2